01798nam a2200265 i 4500001000400000003000400004005001700008008003900025040000800064080001100072100015900083245019200242260002100434500002100455520027000476650003600746650001500782700017300797700016900970700015601139700017101295942001201466999001501478952003901493BPPBPK20171109105927.0141128s1980 pl f f |000 0 pol cBPK a631.35 aKNYROWICZ, Wojciech.d1972 - 1996.bWyższa Szkoła Inżynierska - Instytut Konstrukcji i Eksploatacji Maszyn,cZakład Maszyn i Urządzeń Rolniczych aBadania modeli przemysłowych mechanicznego i elektrycznego oddzielaczy kamieni od ziemniaków /cWojciech Knyrowicz, Piotr Karpowicz, Zenon Florczak, Józef Fleszar, Bogdan Rychlewski. aKoszalin,c1980. aDane z autopsji. aCelem badań laboratoryjnych oddzielacza przenośnikowego, bębnowego i elektrycznego było wyznaczenie optymalnych parametrów pracy tych zespołów. Badania miały również na celu określenie ich przydatności do dwurzędowego kombajnu ziemniaczanego. 0aMaszyny i narzędzia rolnicze. 0aZiemniaki. aKARPOWICZ, Piotr.d1969 - 1996.bWyższa Szkoła Inżynierska w Koszalinie - Instytut Konstrukcji i Eksploatacji Maszyn,cZakład Elektroniki i Napędów Sterowania aFLESZAR, Józef.d1975 - 1996.bWyższa Szkoła Inżynierska w Koszalinie - Instytut Konstrukcji i Eksploatacji Maszyn,cZakład Maszyn i Urządzeń Rolniczych aFLORCZAK, Zenon.d1972 - 1987.bWyższa Szkoła Inżynierska - Instytut Konstrukcji i Eksploatacji Maszyn,cZakład Maszyn i Urządzeń Rolniczych aRYCHLEWSKI, Bogdan.d1978 - 1982.bWyższa Szkoła Inżynierska w Koszalinie - Instytut Konstrukcji i Eksploatacji Maszyn,cZakład Maszyn i Urządzeń Rolniczych cMN2UKD c1835d1835 00104070aBPKbBPKoNB-28/IVyMN